| Record ID | ia:contemporaryiris0000peac |
| Source | Internet Archive |
| Download MARC XML | https://archive.org/download/contemporaryiris0000peac/contemporaryiris0000peac_marc.xml |
| Download MARC binary | https://www.archive.org/download/contemporaryiris0000peac/contemporaryiris0000peac_meta.mrc |
LEADER: 01335cam a2200325 a 4500
001 2003054925
003 DLC
005 20050111093128.0
008 030605s2004 enk b 001 0 eng
010 $a 2003054925
020 $a0333948920
020 $a0333948939 (pbk.)
040 $aDLC$cDLC$dDLC
043 $ae-ie---$ae-uk-ni
050 00 $aPR8803$b.P43 2004
082 00 $a823/.91099417$221
100 1 $aPeach, Linden,$d1951-
245 14 $aThe contemporary Irish novel :$bcritical readings /$cLinden Peach.
260 $aHoundmills, Basingstoke, Hampshire ;$aNew York :$bPalgrave Macmillan,$c2004.
300 $axvi, 250 p. ;$c23 cm.
504 $aIncludes bibliographical references (p. 239-244) and index.
650 0 $aEnglish fiction$xIrish authors$xHistory and criticism.
650 0 $aEnglish fiction$y20th century$xHistory and criticism.
651 0 $aIreland$xIntellectual life$y20th century.
651 0 $aNorthern Ireland$xIntellectual life.
651 0 $aNorthern Ireland$xIn literature.
651 0 $aIreland$xIn literature.
856 42 $3Contributor biographical information$uhttp://www.loc.gov/catdir/bios/hol053/2003054925.html
856 42 $3Publisher description$uhttp://www.loc.gov/catdir/description/hol041/2003054925.html
856 41 $3Table of contents$uhttp://www.loc.gov/catdir/toc/hol041/2003054925.html